| 000 | 01242nam a2200349 i 4500 | ||
|---|---|---|---|
| 003 | CO-BoRNBP | ||
| 005 | 20220317001923.0 | ||
| 007 | ta | ||
| 008 | 201123s2017 ck a br 000 j spa d | ||
| 020 | _a9789588954417 | ||
| 040 |
_aCO-BoRNBP _bspa _erda _cCO-BoRNBP |
||
| 041 | 0 | _aspa | |
| 043 | _as-ag--- | ||
| 084 | _aC AND8 | ||
| 100 | 1 |
_aAndruetto, María Teresa _d1954- _eautora |
|
| 245 | 1 | 4 |
_aLos ahogados _cMaría Teresa Andruetto, ilustrado por Daniel Rabanal |
| 250 | _aPrimera edición | ||
| 264 | 1 |
_aBogotá, Colombia _bBabel Libros _c2017 |
|
| 300 |
_a48, [19] páginas _bilustraciones en blanco y negro _c22 cm |
||
| 336 |
_atexto _btxt _2rdacontent |
||
| 337 |
_asin mediación _bn _2rdamedia |
||
| 338 |
_avolumen _bnc _2rdacarrier |
||
| 490 | 0 | _aFrontera ilustrada | |
| 521 | _aRecomendado para un público infantil mayor de 9 años | ||
| 545 | _aIncluye datos biográficos de la autora e ilustrador al inicio del texto | ||
| 650 | 1 | 7 |
_2LEMB _aCuentos infantiles argentinos _ySiglo XX |
| 650 | 1 | 7 |
_2LEMB _aLiteratura infantil argentina _ySiglo XX |
| 650 | 1 | 7 |
_2LEMB _aAutores argentinos _ySiglo XX |
| 650 | 1 | 7 |
_2LEMB _aDictadura _vCuentos |
| 700 | 1 |
_aRabanal, Daniel _d1949- _eilustrador _9200761 |
|
| 942 |
_2loc _cBKLIT |
||
| 999 |
_c8546 _d8546 |
||